[Event "Bergen Sommer op"]
[Site "Bergen"]
[Date "2017.07.29"]
[Round "2"]
[White "Turov, Maxim"]
[Black "Skoien, Havard"]
[Result "1-0"]
[WhiteElo "2597"]
[BlackElo "2146"]
[PlyCount "95"]
[EventDate "2017.07.28"]
[EventType "swiss"]
[EventRounds "5"]
[EventCountry "NOR"]
[SourceTitle "CBM 179 Extra"]
[Source "ChessBase"]
[SourceDate "2017.08.23"]
[SourceVersion "1"]
[SourceVersionDate "2017.08.23"]
[SourceQuality "1"]

1. d4 d5 2. c4 e6 3. Nc3 c6 4. e4 dxe4 5. Nxe4 Bb4+ 6. Bd2 Qxd4 7. Bxb4 Qxe4+ 8. Ne2 Na6 9. Bf8 Ne7 10. Bxg7 Rg8 11. Qd4 Qxd4 12. Bxd4 c5 13. Bf6 Rg6 14. Bc3 Nb4 15. Nf4 Nc2+ 16. Kd2 Nxa1 17. Nxg6 hxg6 18. Bd3 f5 19. Rxa1 b6 20. Re1 Kf7 21. Re3 Nc6 22. Rh3 Nd4 23. Rh7+ Kf6 24. f4 e5 25. fxe5+ Kxe5 26. Rg7 Kf6 27. Rc7 Kg5 28. Bxd4 cxd4 29. Be2 Be6 30. Kd3 Rd8 31. Rxa7 f4 32. Ra6 Bf5+ 33. Kd2 d3 34. Bf3 Rc8 35. b3 b5 36. Rc6 Rxc6 37. Bxc6 b4 38. c5 Kf6 39. Bb5 Be4 40. c6 Ke7 41. c7 Bb7 42. Bc6 Ba6 43. Be4 Kd6 44. Bxd3 Bc8 45. Bxg6 Kxc7 46. Kd3 Kd6 47. Kd4 Bb7 48. Be4 1-0

[Event "Reykjavik op"]
[Site "Reykjavik"]
[Date "2012.03.08"]
[Round "3"]
[White "Thorfinnsson, Bjorn"]
[Black "Skoien, Havard"]
[Result "1-0"]
[WhiteElo "2416"]
[BlackElo "2121"]
[PlyCount "69"]
[EventDate "2012.03.06"]
[EventType "swiss"]
[EventRounds "9"]
[EventCountry "ISL"]
[SourceTitle "CBM 147 Extra"]
[Source "ChessBase"]
[SourceDate "2012.04.24"]
[SourceVersion "1"]
[SourceVersionDate "2012.04.24"]
[SourceQuality "1"]

1. d4 Nf6 2. c4 Nc6 3. Nf3 e6 4. Nc3 Bb4 5. Qc2 d6 6. a3 Bxc3+ 7. Qxc3 a5 8. g3 a4 9. Bg2 0-0 10. 0-0 Re8 11. Be3 Qe7 12. Rad1 Na5 13. Ne1 e5 14. dxe5 dxe5 15. Nd3 Nb3 16. Nc1 Na5 17. Nd3 Nb3 18. h3 c5 19. Bg5 h6 20. Bxf6 gxf6 21. Nc1 Na5 22. Qc2 Be6 23. Bd5 Nc6 24. e3 Kg7 25. Kh2 Qc7 26. Ne2 Ne7 27. g4 Ng6 28. Ng3 Kf8 29. Qe4 Rab8 30. Bxe6 Rxe6 31. h4 Rd6 32. h5 Ne7 33. Qh7 e4 34. Kh3 Ke8 35. Nxe4 1-0

[Event "Reykjavik op"]
[Site "Reykjavik"]
[Date "2012.03.07"]
[Round "2"]
[White "Skoien, Havard"]
[Black "Kjartansson, Gudmundur"]
[Result "0-1"]
[WhiteElo "2121"]
[BlackElo "2357"]
[PlyCount "116"]
[EventDate "2012.03.06"]
[EventType "swiss"]
[EventRounds "9"]
[EventCountry "ISL"]
[SourceTitle "CBM 147 Extra"]
[Source "ChessBase"]
[SourceDate "2012.04.24"]
[SourceVersion "1"]
[SourceVersionDate "2012.04.24"]
[SourceQuality "1"]

1. c4 Nf6 2. d4 e6 3. Nf3 b6 4. a3 Bb7 5. Nc3 d5 6. cxd5 Nxd5 7. Qc2 Be7 8. e4 Nxc3 9. bxc3 0-0 10. Bd3 c5 11. 0-0 Qc8 12. Qe2 Ba6 13. Be3 Bxd3 14. Qxd3 c4 15. Qe2 Nd7 16. a4 a6 17. Rfb1 Qc7 18. g3 Qc6 19. d5 exd5 20. exd5 Qxd5 21. Bxb6 Rfe8 22. Rd1 Qc6 23. Be3 Bf6 24. Nd4 Bxd4 25. Rxd4 Ne5 26. Rf4 Rab8 27. Bd4 Ng6 28. Qf3 Qe6 29. Rf5 Red8 30. h4 Rb3 31. h5 Ne7 32. Re5 Qd7 33. Bc5 Nc6 34. Re3 h6 35. Rae1 f6 36. Qe4 Qd5 37. Be7 Qxe4 38. Rxe4 Rd7 39. Bb4 Nxb4 40. cxb4 Rxb4 41. Re8+ Kf7 42. Rc8 Rxa4 43. Re4 Ra7 44. Kf1 a5 45. g4 Rb4 46. g5 fxg5 47. Rc5 Re7 48. Rd4 c3 49. Rdd5 Rh4 50. Rf5+ Kg8 51. Rxc3 Ra7 52. Rc8+ Kh7 53. Rff8 Rxh5 54. Rh8+ Kg6 55. Rc6+ Kf7 56. Rb8 a4 57. Rb2 a3 58. Ra2 Rh3 0-1

[Event "Bergen Grand Prix"]
[Site "Bergen"]
[Date "2010.11.28"]
[Round "5"]
[White "Andersen, Jonathan Mjelde"]
[Black "Skoien, Havard"]
[Result "0-1"]
[WhiteElo "1619"]
[BlackElo "1939"]
[PlyCount "60"]
[EventDate "2010.11.26"]
[EventType "swiss"]
[EventRounds "5"]
[EventCountry "NOR"]
[SourceTitle "EXT 2024"]
[Source "ChessBase"]
[SourceDate "2023.10.10"]
[SourceVersion "1"]
[SourceVersionDate "2023.10.10"]
[SourceQuality "1"]

1. e4 e6 2. d4 d5 3. exd5 exd5 4. Bd3 Nc6 5. c3 Bd6 6. Be3 Nf6 7. h3 Be6 8. Nf3 Qd7 9. Qc2 h6 10. Nh4 Ne7 11. Nd2 Nh5 12. Nhf3 Nf4 13. Bxf4 Bxf4 14. Nb3 b6 15. a4 a5 16. Ne5 Qd6 17. Qe2 0-0 18. g3 Bxe5 19. Qxe5 Qd7 20. g4 Rae8 21. Qg3 f5 22. g5 f4 23. Qg2 f3 24. Qg1 Bf5 25. 0-0-0 h5 26. Bb5 c6 27. Bd3 Ng6 28. Qg3 Bxd3 29. Rxd3 Nf4 30. Qxf3 Ne2+ 0-1

[Event "NOR-chB"]
[Site "Moss"]
[Date "2006.07.15"]
[Round "9"]
[White "Skoien, Havard"]
[Black "Heimreid, Ken Ivar"]
[Result "1-0"]
[WhiteElo "1846"]
[BlackElo "1923"]
[PlyCount "113"]
[EventDate "2006.07.08"]
[EventType "swiss"]
[EventRounds "9"]
[EventCountry "NOR"]
[SourceTitle "EXT 2007"]
[Source "ChessBase"]
[SourceDate "2006.11.23"]
[SourceVersion "1"]
[SourceVersionDate "2006.11.23"]
[SourceQuality "1"]

1. c4 f5 2. g3 Nf6 3. Bg2 g6 4. Nc3 Bg7 5. d3 0-0 6. e4 e5 7. Nge2 Nc6 8. exf5 gxf5 9. f4 d6 10. Nd5 Be6 11. Nxf6+ Bxf6 12. Nc3 Qd7 13. 0-0 Rab8 14. Be3 Nd4 15. Rb1 c6 16. b4 d5 17. cxd5 cxd5 18. fxe5 Bxe5 19. Bf4 Bxf4 20. Rxf4 Nc6 21. d4 Ne7 22. Qd2 Ng6 23. Rff1 Rbc8 24. Rbe1 Kh8 25. h4 Rf6 26. h5 Ne7 27. g4 h6 28. g5 hxg5 29. Qxg5 Ng8 30. Ne2 Rc2 31. Nf4 Bf7 32. Re5 Rxa2 33. Rfe1 Raa6 34. Bh3 Qa4 35. Kh1 Qxb4 36. Rg1 Qf8 37. Bxf5 Qh6 38. Nxd5 Qxh5+ 39. Qxh5+ Bxh5 40. Nxf6 Bf3+ 41. Kh2 Rxf6 42. Be4 Bxe4 43. Rxe4 Rh6+ 44. Kg3 Kg7 45. Rc1 Rb6 46. Rc7+ Kf6 47. Re8 Nh6 48. Kf4 Rb4 49. Ke4 a5 50. Rb8 b5 51. Rb6+ Kg5 52. Rc5+ Kg4 53. Rxh6 a4 54. Rb6 a3 55. Rbxb5 a2 56. Ra5 Rb2 57. Ra3 1-0

[Event "NOR-chB"]
[Site "Moss"]
[Date "2006.07.11"]
[Round "5"]
[White "Skoien, Havard"]
[Black "Andersen, Dag"]
[Result "0-1"]
[WhiteElo "1846"]
[BlackElo "1723"]
[PlyCount "86"]
[EventDate "2006.07.08"]
[EventType "swiss"]
[EventRounds "9"]
[EventCountry "NOR"]
[SourceTitle "EXT 2007"]
[Source "ChessBase"]
[SourceDate "2006.11.23"]
[SourceVersion "1"]
[SourceVersionDate "2006.11.23"]
[SourceQuality "1"]

1. c4 Nf6 2. g3 e6 3. Bg2 d5 4. Nf3 Be7 5. 0-0 0-0 6. b3 c6 7. Bb2 Nbd7 8. d3 Re8 9. Qc2 Bf8 10. e4 dxe4 11. dxe4 e5 12. Nc3 Qc7 13. a3 a5 14. Na4 b6 15. Ne1 Nc5 16. Nxc5 Bxc5 17. Nd3 Bd4 18. Bxd4 exd4 19. Rae1 Nd7 20. f4 Bb7 21. e5 c5 22. Bd5 Nf8 23. f5 Rad8 24. Qg2 Bxd5 25. cxd5 Qa7 26. f6 b5 27. Qf3 c4 28. Nf4 d3+ 29. Kh1 gxf6 30. Nh5 Qe7 31. Nxf6+ Kh8 32. Qh5 d2 33. Re4 c3 34. Rh4 Qxf6 35. exf6 Re1 36. Rhf4 Ng6 37. Kg2 c2 38. Qh6 Rg8 39. Rh4 Nxh4+ 40. Kh3 d1Q 41. Rf4 c1Q 42. Kxh4 Qg4+ 43. Rxg4 Qxh6# 0-1

[Event "NOR-chB"]
[Site "Stavanger"]
[Date "2005.07.04"]
[Round "3"]
[White "Thorstensen, Espen"]
[Black "Skoien, Havard"]
[Result "1-0"]
[WhiteElo "1938"]
[BlackElo "2056"]
[PlyCount "121"]
[EventDate "2005.07.01"]
[EventType "swiss"]
[EventRounds "9"]
[EventCountry "NOR"]
[SourceTitle "CBM 107 Extra"]
[Source "ChessBase"]
[SourceDate "2005.09.01"]
[SourceVersion "1"]
[SourceVersionDate "2005.09.01"]
[SourceQuality "1"]

1. e4 e6 2. d4 d5 3. exd5 exd5 4. Bd3 Nc6 5. c3 Bd6 6. h3 Nge7 7. Nf3 Ng6 8. 0-0 0-0 9. Ng5 h6 10. Nf3 Nh4 11. Nbd2 Be6 12. Re1 Nxf3+ 13. Nxf3 Qd7 14. Ne5 Bxe5 15. dxe5 Ne7 16. Qh5 Bf5 17. Re3 Kh7 18. Bd2 Rad8 19. Rg3 Bxd3 20. Rxd3 Qf5 21. Qxf5+ Nxf5 22. Rd1 c5 23. g4 Ne7 24. Be3 b6 25. f4 f5 26. Kg2 Rd7 27. Kf3 g5 28. fxg5 f4 29. Bf2 hxg5 30. h4 Rfd8 31. hxg5 Ng6 32. Re1 Re8 33. e6 Rd6 34. b4 cxb4 35. cxb4 Rexe6 36. Rxe6 Rxe6 37. Rxd5 Re7 38. Bd4 Kg8 39. Rd6 Kh7 40. a4 Rf7 41. a5 bxa5 42. bxa5 Re7 43. Ra6 Ne5+ 44. Bxe5 Rxe5 45. Rxa7+ Kg6 46. Kxf4 Rb5 47. Ra6+ Kg7 48. g6 Rb4+ 49. Kg5 Rb5+ 50. Kh4 Rc5 51. g5 Rc1 52. Rf6 Ra1 53. a6 Ra2 54. Kh5 Rh2+ 55. Kg4 Ra2 56. Kf5 Rf2+ 57. Ke6 Re2+ 58. Kd7 Rd2+ 59. Kc7 Rc2+ 60. Kb7 Rb2+ 61. Rb6 1-0